Nonmetal Elements - Statistics

General Stats
  • This quiz has been taken 1,001 times
  • The average score is 14 of 20
Answer Stats
Atomic # Element % Correct
1 Hydrogen
99%
2 Helium
98%
8 Oxygen
96%
6 Carbon
90%
10 Neon
90%
7 Nitrogen
90%
18 Argon
80%
54 Xenon
80%
9 Fluorine
79%
17 Chlorine
76%
16 Sulfur
74%
86 Radon
70%
36 Krypton
68%
53 Iodine
63%
15 Phosphorus
63%
35 Bromine
58%
118 Oganesson
36%
85 Astatine
35%
34 Selenium
34%
117 Tennessine
32%
No matching quizzes found
Score Distribution
Percent of People with Each Score
Percentile by Number Answered
Your Score History
You have not taken this quiz